Key Glock Charting Songs (Billboard Hot 100) - Statistics

General Stats
  • This quiz has been taken 33 times
    13 since last reset
  • The average score is 4 of 6
Answer Stats
Album Weeks On Peak Artist(s) Song % Correct
Glockoma 2 9 Weeks #59 Key Glock & Young Dolph Let's Go
100%
Glockoma 2 1 Week #88 Key Glock Dirt
67%
So Icy Gang: The ReUp 1 Week #98 Gucci Mane ft. Key Glock & Young Dolph Blood All On It
56%
Glockaveli: The Don 4 Weeks #91 Key Glock She Ready
56%
Traumazine 1 Week #82 Megan Thee Stallion ft. Key Glock Ungrateful
56%
Long Live Young Dolph 1 Week #73 Key Glock Proud
33%
No matching quizzes found
Score Distribution
Percent of People with Each Score
Percentile by Number Answered
Your Score History
You have not taken this quiz since the last reset